Be bāta kī bāta. (Record no. 75835)

MARC details
000 -LEADER
fixed length control field 00490cam a22002051 4500
001 - CONTROL NUMBER
control field sa 67006293
003 - CONTROL NUMBER IDENTIFIER
control field DLC
005 - DATE AND TIME OF LATEST TRANSACTION
control field 20260227112405.0
008 - FIXED-LENGTH DATA ELEMENTS--GENERAL INFORMATION
fixed length control field 890602s1967 ii a 000 0 hino
010 ## - LIBRARY OF CONGRESS CONTROL NUMBER
LC control number sa 67006293
035 ## - SYSTEM CONTROL NUMBER
System control number (OCoLC)19806154
040 ## - CATALOGING SOURCE
Original cataloging agency DLC
Transcribing agency WaU
Modifying agency DLC
042 ## - AUTHENTICATION CODE
Authentication code premarc
050 00 - LIBRARY OF CONGRESS CALL NUMBER
Classification number PK2098.M4638
Item number B4
100 1# - MAIN ENTRY--PERSONAL NAME
Personal name Misra, Atmanand,
Dates associated with a name 1913-
245 10 - TITLE STATEMENT
Title Be bāta kī bāta.
260 ## - PUBLICATION, DISTRIBUTION, ETC.
Date of publication, distribution, etc. [1967]
300 ## - PHYSICAL DESCRIPTION
Extent 164 p.
Other physical details illus.
Dimensions 22 cm.
500 ## - GENERAL NOTE
General note In Hindi.

No items available.

Powered by Koha